000 00643nam a2200205 i 4500
001 29814
003 ES-MaACL
005 20230906154107.0
007 t|
008 030123s1973 sp ||||1| spa d
100 1 _aBasaglia, Franco.
_926240
245 1 3 _aLa mayoría marginada
_b: la ideología del control social /
_cFranco Basaglia, Franca Basaglia Ongaro ; [versión... de Jaume Reig].
250 _a[1ª ed.].
260 _aBarcelona :
_bLaia,
_c[1973]
300 _a184 p. ;
_c20 cm.
700 1 _aBasaglia Ongaro, Franca.
_9199219
700 1 _aReig, Jaume.
_995994
852 _aES-MaACL
_jC-53454
_bR.86341
999 _c29814
_d29814